000
00223 a2200097 4500
001
45673
100
_a
Rousseau J
245
_a
The spirit of laws
260
_a
Chicago
_b
William Benton publisher
_c
090
_c
28852
_d
28852
942
_a
NUST-CAE
_c
M
_c
20949
999
_c
280746
_d
280746